| 000 | 01003nam a2200241 a 4500 | ||
|---|---|---|---|
| 001 | 000416949 | ||
| 003 | AM-YeHGA | ||
| 005 | 20250617133009.0 | ||
| 008 | 050325s1989 ||| r 000 0 rus d | ||
| 020 | _a527400363X | ||
| 040 | _aAM-YeHGA | ||
| 041 | 0 | _arus | |
| 100 | 1 | _aКойда, Никанор Ульянович | |
| 245 | 1 | 0 |
_aСтроительная гидравлика в алгоритмах и программах для ЭВМ / _cН.У. Койда, А.Н. Койда, К.Н. Койда; Под ред.: Н.У. Койды. |
| 260 |
_aЛенинград : _bСтройиздат, _c1989. |
||
| 300 |
_a175 с. _bил. |
||
| 500 | _aНа обл. авт. не указаны | ||
| 504 | _aБиблиогр.: с. 171-173 | ||
| 650 | 1 | 4 |
_aГидравлика прикладная _xМатематические методы |
| 700 | 1 | _aКойда, Александр Никанорович | |
| 700 | 1 | _aКойда, Константин Никанорович | |
| 090 | _c160483 | ||
| 999 |
_c159079 _d159079 |
||